[Event "5. Bayer Open"]
[Site "Leverkusen"]
[Date "2008.03.10"]
[Round "5"]
[White "Gnass, Arno"]
[Black "Schmald, Nikolai"]
[Result "1-0"]
[WhiteElo "1639"]
[BlackElo "1722"]
[PlyCount "48"]
[EventDate "2008.01.14"]
[EventType "swiss"]
[EventRounds "7"]
[EventCountry "GER"]
[Source "Birnkott,Manfre"]
[SourceDate "2008.04.23"]

1. d4 g6 2. c4 Bg7 3. Nf3 d5 4. cxd5 Nf6 5. Nc3 c6 6. dxc6 O-O 7. cxb7 Bxb7 8.
e3 Qb6 9. Be2 Nbd7 10. O-O Rad8 11. Qb3 Qc6 12. Qa4 Qb6 13. Qb5 Qc7 14. Qb4
Rfe8 15. Bd2 e5 16. Nb5 Qc6 17. Rae1 Qd5 18. Bc4 Qe4 19. Bxf7+ Kh8 20. Bxe8 Qg4
21. Bxd7 Rxd7 22. h3 Qh5 23. dxe5 Bxf3 24. exf6 Bf8 1-0

[Event "5. Bayer Open"]
[Site "Leverkusen"]
[Date "2008.03.10"]
[Round "5"]
[White "Burgmer, Hubertus"]
[Black "Huppertz, Andrea"]
[Result "1/2-1/2"]
[WhiteElo "1663"]
[BlackElo "1719"]
[PlyCount "131"]
[EventDate "2008.01.14"]
[EventType "swiss"]
[EventRounds "7"]
[EventCountry "GER"]
[Source "Birnkott,Manfre"]
[SourceDate "2008.04.23"]

1. e4 c5 2. f4 d6 3. Nf3 Nc6 4. Bc4 e6 5. Nc3 a6 6. a4 Nge7 7. Qe2 Nd4 8. Nxd4
cxd4 9. Nd1 Nc6 10. O-O Be7 11. c3 Qb6 12. Nf2 O-O 13. b4 Bf6 14. Bb2 Nxb4 15.
a5 d3 16. Bxd3 Qa7 17. Bb1 Bd7 18. e5 dxe5 19. cxb4 Bb5 20. Qe4 Rfd8 21. Rd1
exf4 22. Bxf6 gxf6 23. Qxf4 Qd4 24. Qh6 f5 25. Ra3 Rd7 26. Rg3+ Kh8 27. Bd3 Rg8
28. Rxg8+ Kxg8 29. Bxb5 axb5 30. Qe3 Qxb4 31. Qc3 Qxc3 32. dxc3 Rc7 33. Rd3 Rc4
34. Nd1 Ra4 35. Rd7 Rxa5 36. Rxb7 Ra1 37. Rd7 Kf8 38. Kf2 Ke8 39. Rd2 Rb1 40.
Ke3 b4 41. cxb4 Rxb4 42. Nf2 Ke7 43. Rc2 Kf6 44. Nd3 Rb3 45. Rc4 e5 46. Kd2 e4
47. Nf4 Kg5 48. g3 h5 49. Kc2 Ra3 50. Kd2 Kg4 51. Rc3 Ra2+ 52. Rc2 Ra7 53. Ke3
Ra3+ 54. Kd2 h4 55. Ne2 e3+ 56. Ke1 Ra1+ 57. Rc1 Rxc1+ 58. Nxc1 hxg3 59. hxg3
Kxg3 60. Ke2 f4 61. Nd3 f6 62. Ne1 f5 63. Nf3 Kg2 64. Nd4 Kg3 65. Nxf5+ Kg2 66.
Nxe3+ 1/2-1/2

[Event "5. Bayer Open"]
[Site "Leverkusen"]
[Date "2008.03.10"]
[Round "5"]
[White "Depping, Thomas"]
[Black "Karwatzki, Hans-Jürgen"]
[Result "1-0"]
[WhiteElo "1601"]
[BlackElo "1601"]
[PlyCount "27"]
[EventDate "2008.01.14"]
[EventType "swiss"]
[EventRounds "7"]
[EventCountry "GER"]
[Source "Birnkott,Manfre"]
[SourceDate "2008.04.23"]

1. e4 e5 2. Nf3 Nc6 3. Bb5 a6 4. Ba4 Nf6 5. O-O Bc5 6. Nxe5 Nxe5 7. d4 Ba7 8.
dxe5 Nxe4 9. Qg4 Nxf2 10. Rxf2 Rg8 11. Bg5 f6 12. Bxf6 gxf6 13. Qxg8+ Ke7 14.
exf6+ 1-0

[Event "5. Bayer Open"]
[Site "Leverkusen"]
[Date "2008.03.10"]
[Round "5"]
[White "Weinmann-Musset, Manfred"]
[Black "Zühlke, Ernst-Wilhelm"]
[Result "1-0"]
[WhiteElo "1854"]
[BlackElo "1655"]
[PlyCount "37"]
[EventDate "2008.01.14"]
[EventType "swiss"]
[EventRounds "7"]
[EventCountry "GER"]
[Source "Birnkott,Manfre"]
[SourceDate "2008.04.23"]

1. d4 e6 2. c4 c6 3. Nc3 Nf6 4. Bg5 Be7 5. Nf3 d5 6. Qc2 O-O 7. e3 Nbd7 8. h4
Ne8 9. cxd5 exd5 10. Bd3 h6 11. g4 Ndf6 12. Bxf6 gxf6 13. Rg1 Kh8 14. Bh7 Ng7
15. g5 h5 16. gxf6 Bxf6 17. Ng5 Bg4 18. Rxg4 hxg4 19. Bg8 1-0

[Event "5. Bayer Open"]
[Site "Leverkusen"]
[Date "2008.03.10"]
[Round "5"]
[White "Beinert, Katharina"]
[Black "Bosbach, Jens"]
[Result "0-1"]
[WhiteElo "1382"]
[BlackElo "1825"]
[PlyCount "50"]
[EventDate "2008.01.14"]
[EventType "swiss"]
[EventRounds "7"]
[EventCountry "GER"]
[Source "Birnkott,Manfre"]
[SourceDate "2008.04.23"]

1. d4 Nf6 2. c4 e6 3. Nc3 d5 4. Bg5 Be7 5. e3 c6 6. Qc2 Nbd7 7. cxd5 Nxd5 8.
Bxe7 Qxe7 9. Nf3 O-O 10. e4 Nxc3 11. bxc3 e5 12. Bd3 h6 13. O-O exd4 14. cxd4
Nf6 15. Rad1 Bg4 16. Qe2 Rad8 17. Bc2 Bh5 18. Qd3 Bg6 19. Nd2 Qb4 20. Qg3 Rxd4
21. Qe3 Rfd8 22. Nf3 Rxd1 23. Bxd1 Bxe4 24. Ne5 Qd6 25. Qg3 Qxd1 0-1

[Event "5. Bayer Open"]
[Site "Leverkusen"]
[Date "2008.03.10"]
[Round "5"]
[White "Pützkaul, Karl"]
[Black "Granz, Thomas"]
[Result "1/2-1/2"]
[WhiteElo "1853"]
[BlackElo "1641"]
[PlyCount "74"]
[EventDate "2008.01.14"]
[EventType "swiss"]
[EventRounds "7"]
[EventCountry "GER"]
[Source "Birnkott,Manfre"]
[SourceDate "2008.04.23"]

1. d4 d5 2. c4 e6 3. Nc3 Nf6 4. Bg5 Be7 5. e3 O-O 6. Nf3 b6 7. cxd5 Nxd5 8.
Bxe7 Qxe7 9. Nxd5 exd5 10. Rc1 Bb7 11. Be2 Na6 12. a3 c5 13. dxc5 Nxc5 14. O-O
Rfd8 15. Nd4 Rac8 16. b4 Ne6 17. Qd2 Nxd4 18. Qxd4 Qe4 19. Qd2 Qg6 20. Qd4 Qe4
21. f3 Qxd4 22. exd4 Re8 23. Kf2 f5 24. Bb5 Rxc1 25. Rxc1 Rc8 26. Rxc8+ Bxc8
27. Bc6 Be6 28. Ke3 g5 29. g3 Kf7 30. h4 h6 31. hxg5 hxg5 32. Bb5 Ke7 33. Bd3
Kf6 34. Kd2 Ke7 35. Kc3 Kd6 36. Kb3 Bd7 37. a4 Kc7 1/2-1/2

[Event "5. Bayer Open"]
[Site "Leverkusen"]
[Date "2008.03.10"]
[Round "5"]
[White "Remmler, Dirk"]
[Black "Liebsch, Felix"]
[Result "1/2-1/2"]
[WhiteElo "1761"]
[BlackElo "1147"]
[PlyCount "40"]
[EventDate "2008.01.14"]
[EventType "swiss"]
[EventRounds "7"]
[EventCountry "GER"]
[Source "Birnkott,Manfre"]
[SourceDate "2008.04.23"]

1. e4 e5 2. Nf3 Nc6 3. Bb5 d6 4. d4 exd4 5. Nxd4 Bd7 6. Nc3 Nf6 7. Bg5 Be7 8.
f4 O-O 9. O-O Re8 10. Bxc6 Bxc6 11. Nxc6 bxc6 12. Qf3 Qd7 13. h3 h6 14. Bxf6
Bxf6 15. Rae1 Rab8 16. b3 Bd4+ 17. Kh1 Rb4 18. a3 Bxc3 19. axb4 Bxe1 20. Rxe1
d5 1/2-1/2

[Event "5. Bayer Open"]
[Site "Leverkusen"]
[Date "2008.03.10"]
[Round "5"]
[White "Lessing, Sebastian"]
[Black "Gülden, Ralf"]
[Result "1/2-1/2"]
[WhiteElo "1614"]
[BlackElo "1699"]
[PlyCount "48"]
[EventDate "2008.01.14"]
[EventType "swiss"]
[EventRounds "7"]
[EventCountry "GER"]
[Source "Birnkott,Manfre"]
[SourceDate "2008.04.23"]

1. e4 c5 2. Nf3 d6 3. d4 cxd4 4. Nxd4 g6 5. Nc3 Bg7 6. Be3 Nf6 7. Bd3 O-O 8.
O-O a6 9. h3 Nbd7 10. f4 e5 11. Nde2 exf4 12. Nxf4 Ne5 13. Bd4 Bd7 14. Rb1 Bc6
15. Ncd5 Bxd5 16. Nxd5 Nxd5 17. exd5 Qa5 18. b3 Qxd5 19. Bxe5 Qxe5 20. Qf3 Qc5+
21. Kh1 d5 22. c4 Rad8 23. cxd5 Qxd5 24. Be4 Qd2 1/2-1/2

[Event "5. Bayer Open"]
[Site "Leverkusen"]
[Date "2008.03.10"]
[Round "5"]
[White "van Kempen, Susanne"]
[Black "Fröhling, Ewald"]
[Result "0-1"]
[WhiteElo "1550"]
[BlackElo "1559"]
[PlyCount "82"]
[EventDate "2008.01.14"]
[EventType "swiss"]
[EventRounds "7"]
[EventCountry "GER"]
[Source "Birnkott,Manfre"]
[SourceDate "2008.04.23"]

1. e4 d5 2. exd5 Qxd5 3. Nc3 Qa5 4. Nf3 Nf6 5. Be2 Bg4 6. d3 c6 7. Bd2 Qc7 8.
O-O e6 9. h3 Bh5 10. Nh4 Bxe2 11. Qxe2 h6 12. Nf5 Nbd7 13. Ng3 O-O-O 14. Nce4
Nxe4 15. Nxe4 g5 16. Bc3 Rg8 17. Nf6 Nxf6 18. Bxf6 Re8 19. Be5 Bd6 20. Bxd6
Qxd6 21. Rfe1 Qd5 22. Qe5 Qxe5 23. Rxe5 f6 24. Re2 c5 25. Rd1 e5 26. c3 Rd8 27.
Red2 Rg7 28. f3 Rgd7 29. Kf2 Kc7 30. Ke3 f5 31. g4 fxg4 32. hxg4 Rf8 33. Rh1
Rdf7 34. Rh3 Rf6 35. a3 Kc6 36. Rdh2 Rh8 37. c4 Kd6 38. Rh5 Rg6 39. Ke4 a6 40.
Kf5 Re6 41. Rxg5 Rf8+ 0-1

[Event "5. Bayer Open"]
[Site "Leverkusen"]
[Date "2008.03.10"]
[Round "5"]
[White "Reiter, Ute"]
[Black "Erdmann, Kristian"]
[Result "0-1"]
[WhiteElo "1119"]
[BlackElo "1741"]
[PlyCount "48"]
[EventDate "2008.01.14"]
[EventType "swiss"]
[EventRounds "7"]
[EventCountry "GER"]
[Source "Birnkott,Manfre"]
[SourceDate "2008.04.23"]

1. e4 e5 2. Nf3 Nc6 3. Bc4 Bc5 4. Nc3 Nf6 5. Ng5 O-O 6. d3 h6 7. Nf3 d6 8. h3
Be6 9. a3 Bxc4 10. dxc4 a5 11. Bd2 Nd4 12. Nd5 Nxe4 13. Ne3 f5 14. c3 Ne6 15.
g3 f4 16. gxf4 exf4 17. b4 fxe3 18. Bxe3 Bxe3 19. fxe3 Nxc3 20. Qd2 Rxf3 21.
Qxc3 Qh4+ 22. Kd2 Qf2+ 23. Kd1 Rxe3 24. Re1 Rxc3 0-1

[Event "5. Bayer Open"]
[Site "Leverkusen"]
[Date "2008.03.10"]
[Round "5"]
[White "von Oppenkowski, Roman"]
[Black "Witte, Volker"]
[Result "1-0"]
[WhiteElo "1325"]
[BlackElo "1673"]
[PlyCount "49"]
[EventDate "2008.01.14"]
[EventType "swiss"]
[EventRounds "7"]
[EventCountry "GER"]
[Source "Birnkott,Manfre"]
[SourceDate "2008.04.23"]

1. e4 c6 2. d4 d5 3. e5 Bf5 4. Nf3 e6 5. Be2 Nd7 6. c3 h6 7. Nbd2 g5 8. h3 Qb6
9. Qb3 c5 10. Qxb6 Nxb6 11. dxc5 Bxc5 12. Nb3 Be7 13. Nfd4 Bg6 14. Be3 O-O-O
15. Nb5 Na4 16. Nxa7+ Kb8 17. O-O-O Nxc3 18. bxc3 Ba3+ 19. Kd2 d4 20. Bxd4
Rxd4+ 21. Nxd4 Ne7 22. Nab5 Bb2 23. Bd3 Bxd3 24. Kxd3 Nc6 25. Kc2 1-0

[Event "5. Bayer Open"]
[Site "Leverkusen"]
[Date "2008.03.10"]
[Round "5"]
[White "Teuber, Alfons"]
[Black "Runte, Dirk"]
[Result "0-1"]
[WhiteElo "1087"]
[BlackElo "1613"]
[PlyCount "78"]
[EventDate "2008.01.14"]
[EventType "swiss"]
[EventRounds "7"]
[EventCountry "GER"]
[Source "Birnkott,Manfre"]
[SourceDate "2008.04.23"]

1. e4 e5 2. Bc4 Nf6 3. Nf3 c6 4. d3 Be7 5. Nxe5 Qa5+ 6. c3 Qxe5 7. Qf3 d5 8.
Bf4 Qh5 9. exd5 Qxf3 10. gxf3 cxd5 11. Bb5+ Bd7 12. Bxd7+ Nbxd7 13. Nd2 Nh5 14.
Be3 g5 15. Nb3 Nf4 16. Bxf4 gxf4 17. O-O-O O-O-O 18. Nd4 Bc5 19. Rd2 Bxd4 20.
cxd4 Rhg8 21. b3 Nf8 22. Kb2 Ne6 23. Rc1+ Kb8 24. h4 Nxd4 25. h5 Nxf3 26. Re2
Rge8 27. Rxe8 Rxe8 28. Rc5 Re2+ 29. Ka3 Rxf2 30. Rxd5 Nd2 31. Kb4 Rg2 32. Rf5
f3 33. Rxf7 f2 34. Rf8+ Kc7 35. Rf7+ Kd6 36. Rxh7 f1=Q 37. Rh6+ Ke5 38. Kc3
Nb1+ 39. Kb4 Qf8+ 0-1

[Event "5. Bayer Open"]
[Site "Leverkusen"]
[Date "2008.03.10"]
[Round "5"]
[White "Hingst, Dieter Max Otto"]
[Black "Hoeper, Heinz-Joachim"]
[Result "0-1"]
[WhiteElo "986"]
[BlackElo "1496"]
[PlyCount "104"]
[EventDate "2008.01.14"]
[EventType "swiss"]
[EventRounds "7"]
[EventCountry "GER"]
[Source "Birnkott,Manfre"]
[SourceDate "2008.04.23"]

1. e4 e5 2. Nf3 Nc6 3. Bc4 Nd4 4. Nxd4 exd4 5. c3 Qh4 6. Qf3 Qf6 7. Qxf6 Nxf6
8. d3 dxc3 9. Nxc3 Bc5 10. Nd5 Nxd5 11. exd5 O-O 12. Be3 Re8 13. O-O Bf8 14. d4
a6 15. Bd3 g6 16. Rae1 b6 17. Bf4 Bb7 18. Rxe8 Rxe8 19. Bxc7 b5 20. d6 Re6 21.
f4 Bxd6 22. Bxd6 Rxd6 23. Bc2 Rxd4 24. f5 Rg4 25. Rf2 Be4 26. f6 Kf8 27. Rd2
Bc6 28. Bd1 Rg5 29. h4 Rd5 30. Rxd5 Bxd5 31. b3 h5 32. Bf3 Bxf3 33. gxf3 Ke8
34. Kg2 d6 35. Kf2 Kd7 36. Ke3 Ke6 37. Ke4 Kxf6 38. Kd5 g5 39. hxg5+ Kxg5 40.
Kxd6 h4 41. Kc6 h3 42. Kb6 h2 43. Kxa6 h1=Q 44. Kxb5 Kf5 45. a4 Qc1 46. a5 Qc8
47. a6 Ke6 48. a7 Kd6 49. Kb6 Qc6+ 50. Ka5 Kc5 51. b4+ Kc4 52. b5 Qxb5# 0-1

[Event "5. Bayer Open"]
[Site "Leverkusen"]
[Date "2008.03.10"]
[Round "5"]
[White "Hasanovic, Huzeir"]
[Black "Seelig, Jochen"]
[Result "0-1"]
[WhiteElo "1592"]
[BlackElo "1379"]
[PlyCount "122"]
[EventDate "2008.01.14"]
[EventType "swiss"]
[EventRounds "7"]
[EventCountry "GER"]
[Source "Birnkott,Manfre"]
[SourceDate "2008.04.23"]

1. e4 b6 2. d4 Bb7 3. d5 e6 4. c4 Bb4+ 5. Nc3 Qe7 6. Bd3 exd5 7. Bd2 dxe4 8.
Bc2 e3 9. Bxe3 Bxc3+ 10. bxc3 Bxg2 11. Qd4 Qf6 12. Be4 Qxd4 13. Bxd4 Bxe4 14.
f3 Bxf3 15. Nxf3 f6 16. Kd2 c5 17. Rae1+ Ne7 18. Bf2 Nbc6 19. Bg3 O-O-O 20. Bd6
Nf5 21. Bf4 g5 22. Bg3 Rde8 23. Rb1 Re3 24. Rhf1 Nxg3 25. hxg3 Rhe8 26. Rbe1
Rxe1 27. Nxe1 Re6 28. Rh1 Re7 29. Rh6 Rf7 30. Ng2 Ne5 31. Ne3 f5 32. Rh5 f4 33.
gxf4 Rxf4 34. Rxg5 Nxc4+ 35. Nxc4 Rxc4 36. Kd3 Rh4 37. a3 Kc7 38. c4 h5 39. a4
Rd4+ 40. Kc3 h4 41. Rh5 Rg4 42. Kd3 Rg3+ 43. Ke4 h3 44. a5 Ra3 45. axb6+ axb6
46. Rh6 d6 47. Kd5 Rd3+ 48. Ke6 Re3+ 49. Kf5 Kc6 50. Kf4 Rc3 51. Kf5 Rxc4 52.
Rxh3 b5 53. Rh8 b4 54. Ke6 Rd4 55. Rc8+ Kb5 56. Kd7 b3 57. Rb8+ Kc4 58. Kc6 Rd2
59. Ra8 b2 60. Rb8 Kc3 61. Kb5 b1=Q+ 0-1

[Event "5. Bayer Open"]
[Site "Leverkusen"]
[Date "2008.03.16"]
[Round "6"]
[White "Khanukov, Boris"]
[Black "Mladenov, Svetlin"]
[Result "1/2-1/2"]
[WhiteElo "2340"]
[BlackElo "2299"]
[PlyCount "30"]
[EventDate "2008.01.14"]
[EventType "swiss"]
[EventRounds "7"]
[EventCountry "GER"]
[Source "Birnkott,Manfre"]
[SourceDate "2008.04.23"]

1. d4 Nf6 2. c4 g6 3. Nc3 Bg7 4. e4 d6 5. Nf3 O-O 6. Be2 e5 7. dxe5 dxe5 8.
Qxd8 Rxd8 9. Bg5 Re8 10. Nd5 Nxd5 11. cxd5 h6 12. Be3 Bg4 13. Nd2 Bxe2 14. Kxe2
c6 15. dxc6 Nxc6 1/2-1/2

[Event "5. Bayer Open"]
[Site "Leverkusen"]
[Date "2008.03.31"]
[Round "6"]
[White "Michalczak, Thomas"]
[Black "Reinemer, Frank"]
[Result "1-0"]
[WhiteElo "2294"]
[BlackElo "2131"]
[PlyCount "67"]
[EventDate "2008.01.14"]
[EventType "swiss"]
[EventRounds "7"]
[EventCountry "GER"]
[Source "Birnkott,Manfre"]
[SourceDate "2008.04.23"]

1. e4 Nf6 2. e5 Nd5 3. d4 d6 4. Nf3 g6 5. Bc4 c6 6. exd6 Qxd6 7. O-O Bg7 8. Re1
O-O 9. Bg5 Be6 10. Nbd2 Nd7 11. Bb3 b5 12. a4 a6 13. h3 N7f6 14. Bxf6 exf6 15.
Ne4 Qb8 16. Nc5 Bf5 17. Nh4 Qf4 18. Bxd5 cxd5 19. g3 Qg5 20. Kh2 Bc8 21. axb5
Qh6 22. b6 g5 23. Qd2 Bxh3 24. b7 Rad8 25. Ng2 f5 26. Rxa6 Rd6 27. Rxd6 Qxd6
28. Qxg5 Kh8 29. Kxh3 Bxd4 30. Nd3 Rg8 31. Qxg8+ Kxg8 32. Re8+ Kg7 33. b8=Q
Qh6+ 34. Nh4 1-0

[Event "5. Bayer Open"]
[Site "Leverkusen"]
[Date "2008.03.31"]
[Round "6"]
[White "Ivic, Roman"]
[Black "Krämer, Detlef"]
[Result "1-0"]
[WhiteElo "2060"]
[BlackElo "1882"]
[PlyCount "125"]
[EventDate "2008.01.14"]
[EventType "swiss"]
[EventRounds "7"]
[EventCountry "GER"]
[Source "Birnkott,Manfre"]
[SourceDate "2008.04.23"]

1. d4 d5 2. Nf3 Nf6 3. b3 Bg4 4. Ne5 Bh5 5. g3 e6 6. Bg2 Nbd7 7. Bb2 c5 8. O-O
Be7 9. c4 O-O 10. cxd5 Nxd5 11. Nd3 Bf6 12. Bxd5 exd5 13. Nf4 Bg4 14. Nxd5 Bxd4
15. Bxd4 cxd4 16. Qxd4 Bxe2 $11 17. Re1 Bf3 18. Ne7+ Kh8 19. Nd2 Bh5 20. g4 Bg6
21. Nc4 Nf6 22. Nxg6+ fxg6 23. Qf4 Nh5 24. Qe3 Nf4 25. Qg3 Rc8 26. Re4 g5 27.
Rae1 Qf6 28. Re5 Rcd8 29. Rf5 Rde8 30. Ne5 Qa6 31. Qe3 h6 32. Qe4 Kg8 33. h4
Rxf5 34. gxf5 Qd6 35. hxg5 Nh3+ 36. Kg2 Nxg5 37. Qc4+ Kh7 38. f4 Qf6 39. fxg5
Qxg5+ 40. Kf3 Rf8 41. Qe4 Rxf5+ 42. Ke2 Kg8 43. Kd3 Qg3+ 44. Re3 Qg5 45. Qxb7
Rf8 46. Qd5+ Kh7 47. Qe4+ Kg8 48. Kc3 Rf2 49. a4 Qg1 50. Nd3 Qa1+ 51. Kb4 Rf6
52. a5 a6 53. Qc4+ Kh7 54. Re8 Rf5 55. Qe4 Qf6 56. Re5 g6 57. Qb7+ Qg7 58.
Qxg7+ Kxg7 59. Rxf5 gxf5 60. Kc5 Kf6 61. Kd5 Kg5 62. Ke5 Kg4 63. b4 1-0

[Event "5. Bayer Open"]
[Site "Leverkusen"]
[Date "2008.03.31"]
[Round "6"]
[White "Schockenbäumer, Dirk"]
[Black "Ljuboschiz, Alexander"]
[Result "1-0"]
[WhiteElo "2135"]
[BlackElo "2141"]
[PlyCount "97"]
[EventDate "2008.01.14"]
[EventType "swiss"]
[EventRounds "7"]
[EventCountry "GER"]
[Source "Birnkott,Manfre"]
[SourceDate "2008.04.23"]

1. Nf3 g6 2. d4 Nf6 3. c4 Bg7 4. Nc3 O-O 5. e4 d6 6. Be2 e5 7. O-O Nc6 8. d5
Ne7 9. b4 c6 10. a4 a5 11. bxa5 Qxa5 12. Bd2 c5 13. Rb1 Ne8 14. Re1 h6 15. Qc1
Kh7 16. Bd3 Ng8 17. Rb3 Ngf6 18. Nb5 Qd8 19. a5 Nh5 20. Bf1 f5 21. exf5 gxf5
22. Qd1 Nhf6 23. Ra3 Ne4 24. Qa4 Nxd2 25. Nxd2 e4 26. f4 Bd7 27. Rb1 Qe7 28.
Qd1 Nf6 29. Be2 Bxb5 30. Rxb5 Ne8 31. Nf1 Ra7 32. Ne3 Bd4 33. Kh1 Nc7 34. Rb6
Bxe3 35. Rxe3 Na8 36. Rb5 Nc7 37. Rb6 Na8 38. Rb5 Nc7 39. Rb6 Na6 40. Qb1 Nb4
41. g4 Rxa5 42. gxf5 Qg7 43. f6 Qxf6 44. Qxe4+ Kh8 45. Rxb7 Ra1+ 46. Kg2 Rg8+
47. Rg3 Rxg3+ 48. hxg3 Kg8 49. Qe8+ 1-0

[Event "5. Bayer Open"]
[Site "Leverkusen"]
[Date "2008.03.31"]
[Round "6"]
[White "Rotstein, Jefim"]
[Black "Peschel, Andreas"]
[Result "0-1"]
[WhiteElo "2296"]
[BlackElo "2099"]
[PlyCount "114"]
[EventDate "2008.01.14"]
[EventType "swiss"]
[EventRounds "7"]
[EventCountry "GER"]
[Source "Birnkott,Manfre"]
[SourceDate "2008.04.23"]

1. d4 d5 2. Nf3 Nf6 3. e3 Bg4 4. c4 c6 5. Qb3 Qb6 6. Ne5 Bf5 7. Nc3 e6 8. c5
Qc7 9. Bd2 Nbd7 10. f4 Nxe5 11. fxe5 Ne4 12. Nxe4 Bxe4 13. Kf2 Be7 14. Be2 Bh4+
15. Kg1 f6 16. exf6 gxf6 17. Bd3 Bxg2 18. Kxg2 Qg7+ 19. Kf3 Qg5 20. Bg6+ Qxg6
21. Ke2 O-O-O 22. Rhg1 Qh5+ 23. Kd3 Rhg8 24. Raf1 Rxg1 25. Rxg1 Bg5 26. Qd1
Qxh2 27. Qg4 Re8 28. Rg2 Qh1 29. Rg1 Qh6 30. Ke2 Qg6 31. e4 Bxd2 32. Qxg6 hxg6
33. Kxd2 g5 34. Rf1 Rf8 35. Ke3 dxe4 36. Kxe4 Kd7 37. Rh1 Rf7 38. Rh8 f5+ 39.
Kf3 Ke7 40. Rh6 Rg7 41. b4 g4+ 42. Kg3 f4+ 43. Kxf4 g3 44. Rh1 g2 45. Rg1 Kf6
46. a4 a6 47. Kf3 Kf5 48. a5 Rg6 49. Ke3 Rg3+ 50. Kf2 Rg4 51. Ke2 Ke4 52. Kf2
Rg7 53. Re1+ Kxd4 54. Kg1 e5 55. Rd1+ Kc4 56. Re1 Kxb4 57. Rxe5 Kxa5 0-1

[Event "5. Bayer Open"]
[Site "Leverkusen"]
[Date "2008.03.31"]
[Round "6"]
[White "Cordts, Ingo"]
[Black "Speck, Stefan"]
[Result "0-1"]
[WhiteElo "2248"]
[BlackElo "1921"]
[PlyCount "50"]
[EventDate "2008.01.14"]
[EventType "swiss"]
[EventRounds "7"]
[EventCountry "GER"]
[Source "Birnkott,Manfre"]
[SourceDate "2008.04.23"]

1. e4 d5 2. exd5 Nf6 3. Nf3 Bg4 4. c4 e6 5. Qa4+ Nbd7 6. dxe6 fxe6 7. Be2 Be7
8. d4 O-O 9. Be3 Nh5 10. h3 Bf5 11. Nc3 Bg6 12. g3 c6 13. Qd1 Qc7 14. Qd2 Rad8
15. Bg5 Rde8 16. Bxe7 Rxe7 17. Qe3 Qb6 18. O-O-O e5 19. Qg5 exd4 20. Qxe7 dxc3
21. b3 Nc5 22. Nd4 Qb4 23. Qxf8+ Kxf8 24. Rde1 Qa3+ 25. Kd1 Qxa2 0-1

[Event "5. Bayer Open"]
[Site "Leverkusen"]
[Date "2008.03.31"]
[Round "6"]
[White "Balduan, Markus"]
[Black "Werbeck, Torsten"]
[Result "1-0"]
[WhiteElo "2315"]
[BlackElo "2083"]
[PlyCount "59"]
[EventDate "2008.01.14"]
[EventType "swiss"]
[EventRounds "7"]
[EventCountry "GER"]
[Source "Birnkott,Manfre"]
[SourceDate "2008.04.23"]

1. c4 c5 2. Nc3 Nc6 3. g3 g6 4. Bg2 Bg7 5. Nf3 Nf6 6. O-O O-O 7. d4 cxd4 8.
Nxd4 Nxd4 9. Qxd4 d6 10. Qd3 Rb8 11. Be3 b6 12. Bd4 Bb7 13. e4 Nd7 14. Bxg7
Kxg7 15. f4 Qc7 16. Qd4+ Kg8 17. Kh1 Rbc8 18. b3 a6 19. Rac1 Nc5 20. Qd2 f5 21.
exf5 gxf5 22. Nd5 Bxd5 23. Bxd5+ e6 24. Bf3 a5 25. Rcd1 Rcd8 26. Qe3 e5 27.
fxe5 dxe5 28. Rxd8 Rxd8 29. Qg5+ Kh8 30. Qf6+ 1-0

[Event "5. Bayer Open"]
[Site "Leverkusen"]
[Date "2008.03.31"]
[Round "6"]
[White "Buchkremer, Felix"]
[Black "Auer, Martin"]
[Result "0-1"]
[WhiteElo "2036"]
[BlackElo "2228"]
[PlyCount "50"]
[EventDate "2008.01.14"]
[EventType "swiss"]
[EventRounds "7"]
[EventCountry "GER"]
[Source "Birnkott,Manfre"]
[SourceDate "2008.04.23"]

1. e4 e6 2. d4 d5 3. e5 c5 4. c3 Nc6 5. Nf3 Nh6 6. Bd3 f6 7. O-O Nf7 8. Qe2 Bd7
9. c4 dxc4 10. Bxc4 cxd4 11. exf6 Qxf6 12. Re1 Bb4 13. Bd2 O-O 14. a3 Bd6 15.
Bxe6 Rae8 16. Bxf7+ Qxf7 17. Qf1 Bg4 18. Ng5 Qd5 19. f3 Ne5 20. Bb4 h6 21. Bxd6
Qxd6 22. Ne4 Qg6 23. Nbd2 Bxf3 24. Ng3 Bc6 25. Qe2 Nf3+ 0-1

[Event "5. Bayer Open"]
[Site "Leverkusen"]
[Date "2008.03.31"]
[Round "6"]
[White "Görke, Joachim"]
[Black "Weiler, Wolfgang"]
[Result "1-0"]
[WhiteElo "2103"]
[BlackElo "2170"]
[PlyCount "39"]
[EventDate "2008.01.14"]
[EventType "swiss"]
[EventRounds "7"]
[EventCountry "GER"]
[Source "Birnkott,Manfre"]
[SourceDate "2008.04.23"]

1. d4 Nf6 2. c4 c5 3. d5 b5 4. cxb5 a6 5. e3 axb5 6. Bxb5 Qa5+ 7. Nc3 Bb7 8.
Bd2 Na6 9. Bc4 e6 10. e4 Qb6 11. Nf3 Be7 12. O-O O-O 13. Qc2 Nb4 14. Qb3 exd5
15. exd5 Ba6 16. a3 Bxc4 17. Qxc4 Nc2 18. Rab1 Rfb8 19. Bf4 d6 20. Qe2 1-0

[Event "5. Bayer Open"]
[Site "Leverkusen"]
[Date "2008.03.31"]
[Round "6"]
[White "Vasiljev, Jurij"]
[Black "Negele, Michael"]
[Result "1-0"]
[WhiteElo "2062"]
[BlackElo "2118"]
[PlyCount "73"]
[EventDate "2008.01.14"]
[EventType "swiss"]
[EventRounds "7"]
[EventCountry "GER"]
[Source "Birnkott,Manfre"]
[SourceDate "2008.04.23"]

1. d4 e6 2. c4 Nf6 3. Nc3 Bb4 4. Qc2 d5 5. e3 O-O 6. Bd3 dxc4 (6... c5 7. a3
dxc4 8. Bxc4 cxd4) 7. Bxc4 c5 8. dxc5 Nc6 9. Nf3 e5 10. O-O Bxc5 11. a3 Bg4 12.
b4 Bd6 13. Bb2 Bxf3 $5 (13... Rc8) 14. gxf3 Qc8 15. Ne2 $6 (15. Ne4 Nxe4 16.
Qxe4 Kh8) 15... Qh3 16. Rad1 $2 (16. Rfd1 Bc7) 16... Bc7 $2 (16... Nd4 $3) 17.
Ng3 e4 18. Rfe1 exf3 19. Bf1 Qh4 20. Bxf6 Qxf6 21. Rd5 Be5 22. Qe4 Rfe8 23. Bd3
g6 24. Qg4 Bxg3 25. Qxg3 Rac8 26. Rd1 Re5 27. Bc4 Rd8 $4 28. Rxd8+ Nxd8 29.
Rxd8+ Kg7 30. Rd4 Rg5 31. Rg4 Rd5 32. h4 Rd1+ 33. Kh2 Qc6 34. Rf4 f6 35. Qxf3
Qd6 36. Qxb7+ Kh6 37. Bg8 1-0

[Event "5. Bayer Open"]
[Site "Leverkusen"]
[Date "2008.03.31"]
[Round "6"]
[White "Lommen, Frank"]
[Black "Weinmann-Musset, Manfred"]
[Result "1-0"]
[WhiteElo "2025"]
[BlackElo "1854"]
[PlyCount "67"]
[EventDate "2008.01.14"]
[EventType "swiss"]
[EventRounds "7"]
[EventCountry "GER"]
[Source "Birnkott,Manfre"]
[SourceDate "2008.04.23"]

1. e4 c5 2. Nf3 d6 3. c3 Qa5 4. Bc4 e6 5. O-O b5 6. Bb3 Bb7 7. Re1 c4 8. Bc2
Nd7 9. a4 Ngf6 10. Na3 a6 11. axb5 axb5 12. d4 d5 13. e5 Ne4 14. Bxe4 dxe4 15.
Ng5 b4 16. Nc2 Qb5 17. Rxa8+ Bxa8 18. Nxe4 b3 19. Nb4 Bxb4 20. cxb4 O-O 21. Nc3
Qxb4 22. Qg4 Kh8 23. h4 Qb7 24. f3 Qc6 25. h5 Rg8 26. Qf4 f5 27. exf6 gxf6 28.
Ne4 e5 29. dxe5 fxe5 30. Qh4 Qe6 31. Bd2 Qf7 32. Bc3 Qxf3 33. Qh2 Bxe4 34.
Bxe5+ {Schwarz überschritt die erlaubte Bedenkzeit.} 1-0